Statistics for Quarterback Rankings of 2022-23

Click here to take the quiz!

General Stats

  • This quiz has been taken 8 times
  • The average score is 51 of 68

Answer Stats

#Ranking% Correct
14Aaron Rodgers
100%
39Baker Mayfield
100%
36Carson Wentz
100%
18Daniel Jones
100%
23Derek Carr
100%
9Geno Smith
100%
2Jalen Hurts
100%
8Jared Goff
100%
3Joe Burrow
100%
5Justin Herbert
100%
12Lamar Jackson
100%
29Mac Jones
100%
22Matthew Stafford
100%
37Matt Ryan
100%
1Patrick Mahomes
100%
30Russell Wilson
100%
10Tom Brady
100%
7Tua Tagovailoa
100%
59Zach Wilson
100%
11Dak Prescott
88%
44Davis Mills
88%
21Jacoby Brissett
88%
26Jameis Winston
88%
20Jimmy Garoppolo
88%
51Joe Flacco
88%
4Josh Allen
88%
13Justin Fields
88%
25Kenny Pickett
88%
17Kirk Cousins
88%
27Marcus Mariota
88%
33Mitchell Trubisky
88%
19Ryan Tannehill
88%
6Trevor Lawrence
88%
24Andy Dalton
75%
15Brock Purdy
75%
43Cooper Rush
75%
67Kyle Allen
75%
16Kyler Murray
75%
42Mike White
75%
38Sam Darnold
75%
32Teddy Bridgewater
75%
31Trey Lance
75%
52Tyler Huntley
75%
68Anthony Brown
63%
47Bailey Zappe
63%
40Colt McCoy
63%
28Deshaun Watson
63%
34Desmond Ridder
63%
41Gardner Minshew
63%
35Taylor Heinicke
63%
58Brian Hoyer
50%
56David Blough
50%
64Davis Webb
50%
62Nathan Peterman
50%
57Nick Foles
50%
48P.J. Walker
50%
46Sam Howell
50%
49Skylar Thompson
50%
65Trace McSorley
50%
54Trevor Siemian
50%
53Brett Rypien
38%
50Jarrett Stidham
38%
61John Wolford
38%
45Joshua Dobbs
38%
55Malik Willis
38%
66Sam Ehlinger
38%
60Bryce Perkins
25%
63Jeff Driskel
25%

Score Distribution

Percentile by Number Answered

Percent of People with Each Score

Your Score History

You have not taken this quiz